000 00272nam a2200109Ia 4500
008 220713s9999 xx 000 0 und d
020 _a978 1426310119
082 _aJ 152.148 XTRE
100 _aNo author, editors only
245 0 _aNational Geographic kids
942 _cBK
_w561
_xJohn Tresidder
_y561
_zJohn Tresidder
999 _c707380
_d707379